<?xml version="1.0" encoding="UTF-8"?>
<record
    xmlns:xsi="http://www.w3.org/2001/XMLSchema-instance"
    xsi:schemaLocation="http://www.loc.gov/MARC21/slim http://www.loc.gov/standards/marcxml/schema/MARC21slim.xsd"
    xmlns="http://www.loc.gov/MARC21/slim">

  <leader>01217nam a22001817a 4500</leader>
  <controlfield tag="005">20220211125502.0</controlfield>
  <controlfield tag="008">220211b           ||||| |||| 00| 0 eng d</controlfield>
  <datafield tag="020" ind1=" " ind2=" ">
    <subfield code="a">9781475146127</subfield>
  </datafield>
  <datafield tag="050" ind1=" " ind2=" ">
    <subfield code="a">H62.B477(2e)</subfield>
  </datafield>
  <datafield tag="100" ind1=" " ind2=" ">
    <subfield code="9">Bhattacherjee, Anol.</subfield>
  </datafield>
  <datafield tag="245" ind1=" " ind2=" ">
    <subfield code="a">Social science research : principles, methods and practices /</subfield>
    <subfield code="c">Anol Bhattacherjee.</subfield>
  </datafield>
  <datafield tag="250" ind1=" " ind2=" ">
    <subfield code="a">2nd ed.</subfield>
  </datafield>
  <datafield tag="260" ind1=" " ind2=" ">
    <subfield code="a">Tampa :</subfield>
    <subfield code="c">2012.</subfield>
  </datafield>
  <datafield tag="300" ind1=" " ind2=" ">
    <subfield code="a">iii, 149p. :</subfield>
    <subfield code="b">ill. ;</subfield>
    <subfield code="c">28 cm.</subfield>
  </datafield>
  <datafield tag="500" ind1=" " ind2=" ">
    <subfield code="a">Includes appendix.</subfield>
  </datafield>
  <datafield tag="505" ind1=" " ind2=" ">
    <subfield code="a">Contents: Introduction to research: Science and scientific research -- Thinking like a researcher -- The research process -- Theories in scientific research -- Basics of empirical research: Research design -- Measurement of constructs -- Scale reliability and validity -- Sampling -- Data collection: Survey research -- Experimental research --Case research -- Interpretive research -- Data analysis: Qualitative analysis -- Quantitative analysis: descriptive statistics -- Quantitative analysis: inferential statistics -- Epilogue: Research ethics.                                                                                                                                                                 </subfield>
  </datafield>
  <datafield tag="942" ind1=" " ind2=" ">
    <subfield code="2">lcc</subfield>
    <subfield code="c">BK</subfield>
  </datafield>
  <datafield tag="999" ind1=" " ind2=" ">
    <subfield code="c">8674</subfield>
    <subfield code="d">16174</subfield>
  </datafield>
  <datafield tag="952" ind1=" " ind2=" ">
    <subfield code="0">0</subfield>
    <subfield code="1">0</subfield>
    <subfield code="2">lcc</subfield>
    <subfield code="4">0</subfield>
    <subfield code="7">0</subfield>
    <subfield code="a">WIUC-1</subfield>
    <subfield code="b">WIUC-1</subfield>
    <subfield code="c">REF</subfield>
    <subfield code="d">2022-02-11</subfield>
    <subfield code="o">H62.B477(2e)</subfield>
    <subfield code="p">9120/569/22</subfield>
    <subfield code="r">2022-02-11 00:00:00</subfield>
    <subfield code="t">1</subfield>
    <subfield code="w">2022-02-11</subfield>
    <subfield code="y">BK</subfield>
  </datafield>
</record>
